000
00208 a2200097 4500
001
46568
100
_a
Abu, Zafar Z
245
_a
Piazi Urd
260
_a
Karachi
_b
Ghazanfar Academy
_c
090
_c
29678
_d
29678
942
_a
NUST-CAE
_c
M
_c
21866
999
_c
281641
_d
281641